01017ngm a2200337 4500003000400000005001700004007000500021008004100026010003800067024002300105035002000128035002000148040001300168082001500181245007000196260002300266300006100289440002300350538004900373538007900422650001900501700001700520700001700537700001900554700001700573700001800590700001900608700001800627700001500645700001900660dpl20081216104057.0DVD ||||||sp199 xxu|||||c ||| 00| 0 ng d  aDVD-001506-1508 & DVD-005052-5057 aDVD-E 1424c199.00 aDVD-001506-1508 aDVD-005052-5057 aDPLcDPL aDVD / ONET aOne Two ThreecEros International Presentsh[videorecording] DVD/ bEros International a1 videodisc DVD; (137 min.)bsd., col. ;c4 3/4 in.fDVD aEros International aDolby Digital 5.1 - Hindi Subtitles: English aNTSC Format-All Regions, 16x9 Anamorphic (2:23.1 Aspect Ratio), Dual Layer aMotion Picture aAshwani Dhir aKumar Mangat aSachar, Raghav aDhar, Aditya aShetty, Sunil aKapoor, Tushar aRawal, Paresh aDeol, Esha aReddy, Sameera